| 000 | 00580nam a22002057a 4500 | ||
|---|---|---|---|
| 003 | OSt | ||
| 005 | 20140310183121.0 | ||
| 008 | 130510t xxu||||| |||| 00| 0 eng d | ||
| 020 | _a9715424015 | ||
| 050 |
_aPL5539.L43 _b.L935 2003 |
||
| 082 |
_aF899.2103 _b.L935 2003 |
||
| 245 |
_aFeast and famine : _bstories of Negros _cLucero, Rosario C. |
||
| 260 |
_aDiliman, Q.C : _bUniversity of the Philippines Press, _c2003 |
||
| 300 |
_ax, 105 p. ; _c23 cm. |
||
| 521 | _acollege students | ||
| 526 | _c1210L-1700L | ||
| 541 | _j1 | ||
| 562 | _e1 | ||
| 942 |
_2lcc _cBK _kFIL |
||
| 999 |
_c18931 _d18931 |
||